000 00245nam a2200097Ia 4500
001 808782
005 20250826171256.0
008 250824s9999 xx 000 0 und d
245 0 _aYARALI YÜZ
_cSİR ARTHUR CONAN DOYLE
260 _bTİMAŞ YAYINLARI
999 _c808782
_d808782